| 000 | 00768nam a22002057a 4500 | ||
|---|---|---|---|
| 005 | 20241206160814.0 | ||
| 010 | _aENG-142864 | ||
| 020 |
_a9789389224801 _c995.00 |
||
| 035 | _aEN-126496 | ||
| 037 | _bDBAD | ||
| 082 |
_a921 _21 |
||
| 245 |
_aPandit Ishwar Chandra Vidhyasagar on His Bicentenary/ _h _cEdited by Sunil Kumar Baskey; Suman Kalyan Roy [and] Dipankar Roy |
||
| 260 |
_aNew Delhi _bKunal Books _c2021 |
||
| 270 |
_a4648/21, Ist Floor, Ansari Road, Darya Ganj _bNew Delhi _e110002 _k011-23275069 _k9811043697 _mkunalbooks@gmail.com |
||
| 300 |
_a263p. _c24cm(Hb) |
||
| 700 |
_aBaskey, Sunil Kumar _eEditor _974816 |
||
| 700 |
_aRoy, Suman Kalyan _eEditor _974817 |
||
| 700 |
_aRoy, Dipankar _eEditor _974818 |
||
| 942 |
_2ddc _cEN _mPAN _h921 |
||
| 999 |
_c207477 _d207477 |
||